书目信息 |
| 题名: |
马克思主义党的纲领中国化研究
|
|
| 作者: | 吴东华 著 | |
| 分册: | ||
| 出版信息: | 北京 中国社会科学出版社 2005 |
|
| 页数: | 275页 | |
| 开本: | 21cm | |
| 丛书名: | ||
| 单 册: | ||
| 中图分类: | A811.64 | |
| 科图分类: | ||
| 主题词: | 马克思主义--发展--研究--中国 , 马克思主义--政党--理论研究 | |
| 电子资源: | ||
| ISBN: | 7-5004-5295-0 | |
| 000 | 01307nam0 2200325 450 | |
| 000 | 01270nam0 2200313 450 | |
| 000 | 01257nam0 2200313 450 | |
| 000 | 01226nam0 2200313 450 | |
| 000 | 01172nam0 2200289 450 | |
| 000 | 01190nam0 2200277 450 | |
| 000 | 01153nam0 2200265 45 | |
| 001 | TS2006042932 | |
| 005 | 20061203163959.71 | |
| 010 | @a7-5004-5295-0@dCNY20.00 | |
| 100 | @a20060829d2005 ekmy0chiy0120 ea | |
| 101 | 0 | @achi |
| 102 | @aCN@b110000 | |
| 105 | @ay z 000yy | |
| 200 | 1 | @a马克思主义党的纲领中国化研究@AMa Ke Si Zhu Yi Dang De Gang Ling Zhong Guo Hua Yan Jiu@f吴东华著@FWu Dong Hua Zhu |
| 210 | @a北京@c中国社会科学出版社@d2005 | |
| 215 | @a275页@d21cm | |
| 330 | @a本书坚持以历史唯物主义的基本观点为指导,以马克思主义党的纲领及其理论的历史发展为线索,系统地论述了马克思主义党的纲领中国化的历程及理论成果,对党的三代领导集体在这一过程中作出的理论贡献、重要实践作了较全面的总结,对党在每一历史阶段纲领的时代特点作了客观的分析及评价。 | |
| 606 | 0 | @a马克思主义@x发展@x研究@y中国 |
| 606 | 0 | @a马克思主义@x政党@x理论研究 |
| 690 | @aA811.64@v4 | |
| 701 | 0 | @a吴东华@AWu Dong Hua@4著 |
| 801 | 0 | @aCN@b中图数据@c20061203 |
| 905 | @a10447@dA811.64@e208 | |
| 马克思主义党的纲领中国化研究/吴东华著.-北京:中国社会科学出版社,2005 |
| 275页;21cm |
| ISBN 7-5004-5295-0:CNY20.00 |
| 本书坚持以历史唯物主义的基本观点为指导,以马克思主义党的纲领及其理论的历史发展为线索,系统地论述了马克思主义党的纲领中国化的历程及理论成果,对党的三代领导集体在这一过程中作出的理论贡献、重要实践作了较全面的总结,对党在每一历史阶段纲领的时代特点作了客观的分析及评价。 |
| ● |
| 相关链接 |
|
|
|
|
正题名:马克思主义党的纲领中国化研究
索取号:A811.64/208
 
预约/预借
| 序号 | 登录号 | 条形码 | 馆藏地/架位号 | 状态 | 备注 |
| 1 | 0616241 | 206162418 | 第一样本阅览室/ [索取号:A811.64/208] | 在馆 | |
| 2 | 0616242 | 206162427 | 第一借阅区/ [索取号:A811.64/208] | 在馆 | |
| 3 | 0616243 | 206162436 | 第一借阅区/ [索取号:A811.64/208] | 在馆 | |
| 4 | 0616244 | 206162445 | 第一借阅区/ [索取号:A811.64/208] | 在馆 | |
| 5 | 0616245 | 206162454 | 第一借阅区/ [索取号:A811.64/208] | 在馆 |